000 00576nam a22002177a 4500
003 UA-OsUOA
001 64986
007 ta
008 20091111b un ||||| |||| 00| 0 ukr d
090 _a32
_bП50
942 _cMG
040 _aUA-OsUOA
_cUA-OsUOA
_dUA-OsUOA
245 _aПолитический журнал
_cШеф-редактор Патрин К.
300 _a96 с.
955 _a1
080 _a32
260 _aМ.
246 3 1 _aНациональный общественно-научный фонд
_n
044 _aRU
650 7 _a32 Політика
_2UDC
999 _c351095
_d351095